00614nam a2200169 4500003000400000008004100004020001800045082001500063100001700078245006200095260002600157300001800183650001200201942001200213999001700225952020200242OSt240702b |||||||| |||| 00| 0 eng d a9780349423142 a658.11 ALG aALLEN, David aGetting Things Done : The art of stress-free productivity aLondonbPiatkusc2019 axxiii, 317 p. aGeneral 2ddccBK c12742d12742 00102ddc40708GENERALaPIETbPIETd2024-06-29eZafaa Books and DistributorsfIn rupeesg999.00kZBD0087l1o658.11 ALGp37738q2025-01-28r2024-07-12 00:00:00s2024-07-12v749.25w2024-06-29yBK